00770nam a2200193Ia 4500003000900000008004100009040001300050040001300063041000800076100002000084245014300104250001200247260001500259260000900274300000800283490000600291600026100297700001800558IT-RoPAU120407s9999 xx 000 0 und d aIT-RoPAU cIT-RoPAU aita aJohannes Feiner aMysterium Salutis. Nuovo corso di dogmatica come teologia della storia della salvezza. 10 voll. A cura di Johannes Feiner e Magnus Lohrer. aBrescia aQueriniana c1967 c cm v1 a1. I fondamenti d’una dogmatica della storia della salvezza. (parte I)2. I fondamenti d’una dogmatica della storia della salvezza. (parte II) 3. La storia della salvezza prima di Cristo. (parte I) 4. La storia della salvezza prima di Cristo. (parte II) aMagnus Lohrer